| 000 | 00469nam a22001457a 4500 | ||
|---|---|---|---|
| 082 |
_a625.85 _bUNI |
||
| 100 |
_aUniversity of Michign _943958 |
||
| 245 |
_aThird international conference on the structural design of asphalt paveemnts/ _cUniversity of Michign |
||
| 250 | _a2nd volume | ||
| 260 |
_aLondon: _bGrosvenor house park lane; _c1972. |
||
| 300 |
_a463p.: _bill,; _c20 cm. |
||
| 526 |
_a0 _b0 _c0 _d625_850000000000000_UNI |
||
| 650 |
_aMCE _9379 |
||
| 942 |
_2ddc _cBK |
||
| 999 |
_c547823 _d547823 |
||